• 首页
  • 本馆介绍
  • 公告通知
  • 最新文献
  • 馆藏检索
  • 电子资源
  • 读者导购
  • 参考咨询
  • 我的图书馆
  • 登录
  • 详细信息显示
  • 放入我的书架
  • 预约/预借图书
  • 作者相关作品
  • 分类相关作品
  • 丛书相关作品
  • 出版社相关作品

书目信息

  • 表格格式
  • 工作单格式
  • 卡片格式
题名:
基于傅里叶级数的单相有源电力滤波器谐波电流检测方法
    
 
作者: 李自成 , 刘国海 著
分册:  
出版信息: 北京   科学出版社  2012.3
页数: 182页
开本: 24cm
丛书名:
单 册:
中图分类: TN713
科图分类:
主题词: 单相--电力有源滤波器--谐波电流--检测
电子资源:
ISBN: 978-7-03-033543-2
000 01105nam0 2200265 450
001 0400001157
005 20171014165742.0
010    @a978-7-03-033543-2@dCNY50.00
100    @a20171014e20162012em y0chiy ea
101 0  @achi
102    @aCN@b110000
105    @ay z 000yy
106    @ar
200 1  @a基于傅里叶级数的单相有源电力滤波器谐波电流检测方法@9ji yu fu li ye ji shu de dan xiang you yuan dian li lv bo qi xie bo dian liu jian ce fang fa@f李自成,刘国海著
210    @a北京@c科学出版社@d2012.3@h2016.5
215    @a182页@d24cm
300    @a江苏省高校优势学科建设工程资助项目资助出版
320    @a有书目(第173-182页)
330    @a本书内容包括:离散傅里叶级数法、直接计算法、简单迭代算法、最优迭代算法、双线性构造算法、补偿电流最小神经网络法、硬件电路自适应法、神经元自适应法、神经网络自适应法、单相电路瞬时功率法,以及有源电力滤波器谐波电流检测方法的综合评价。
606 0  @a单相@x电力有源滤波器@x谐波电流@x检测
690    @aTN713@v5
701  0 @a李自成@9li zi cheng@4著
701  0 @a刘国海@9liu guo hai@4著
801  0 @aCN@b91MARC@c20171014
905    @b1020176-80@dTN713@f5@e316
    
    基于傅里叶级数的单相有源电力滤波器谐波电流检测方法/李自成,刘国海著.-北京:科学出版社,2012.3(2016.5)
    182页;24cm
    江苏省高校优势学科建设工程资助项目资助出版
    
    ISBN 978-7-03-033543-2:CNY50.00
    本书内容包括:离散傅里叶级数法、直接计算法、简单迭代算法、最优迭代算法、双线性构造算法、补偿电流最小神经网络法、硬件电路自适应法、神经元自适应法、神经网络自适应法、单相电路瞬时功率法,以及有源电力滤波器谐波电流检测方法的综合评价。
●
相关链接 在E读中查询图书 在五车中查询图书 在当当中查询图书 在豆瓣中查询图书


正题名:基于傅里叶级数的单相有源电力滤波器谐波电流检测方法     索取号:TN713/316         预约/预借

序号 登录号 条形码 馆藏地/架位号 状态 备注
1 1020176   210201761   第二样本阅览室/ [索取号:TN713/316] 在馆    
2 1020177   210201770   密集书库-物理学院/ [索取号:TN713/316] 在馆    
3 1020178   210201789   第三借阅区/ [索取号:TN713/316] 在馆    
4 1020179   210201798   第三借阅区/ [索取号:TN713/316] 在馆    
5 1020180   210201805   第三借阅区/ [索取号:TN713/316] 在馆    
唐山师范学院图书馆 欢迎您!
大连网信软件有限公司© 版权所有